000 00713nam a2200229Ii 4500
003 JO-AjNU
008 230605s9999||||xx |||||||||||||| ||und||
017 _a1424/1746
020 _a9960-33-795-2
040 _aJO-AjNU
_bara
_erda
_cJO-AjNU
041 _aara
050 1 4 _aLB1044.8 2003
100 3 _aالدوسري، محمد بن شاكر,
_eauthor
_948700
245 0 0 _aنحو إذاعة متميزة، ج1
250 _aط1
264 3 1 _aالرياض:دار القاسم للنشر والتوزيع،2003
300 _aج1، 176ص
336 _atext
_btxt
_2rdacontent
337 _aunmediated
_bn
_2rdamedia
338 _avolume
_bnc
_2rdacarrier
650 4 _aالإذاعة المدرسية
_948701
999 _aA21345
_c24913
_d24913